Viaje entre guerreros

Guardado en:
Detalles Bibliográficos
Autor principal: Curie, Eve (Autor)
Formato: Libro
Lenguaje:español
Publicado: Buenos Aires Sudamericana 1943
Materias:
Etiquetas: Agregar Etiqueta
Sin Etiquetas, Sea el primero en etiquetar este registro!

MARC

LEADER 00000nam a2200000 a 4500
001 UCH1583
003 CL-VaPUC
008 090430e19430000AG |||||||||||||||||spa|d
082 0 4 |a 911.4  |b CUR  |2 21 
100 0 |a Curie, Eve  |e author  |9 536074 
245 1 0 |a Viaje entre guerreros 
300 |a 647 p 
942 |c BK 
945 |d 20090430 00:00:00  |a rbrito 
260 |a Buenos Aires  |b Sudamericana  |c 1943 
650 0 |a Viajes y descripciones  |9 363745 
650 0 |a Viajes y expediciones   |9 408124 
651 0 |a África  |9 256790 
651 0 |a Rusia   |9 256106 
651 0 |a Asia  |9 268338 
651 0 |a América  |9 255182 
651 0 |a Medio Oriente  |9 268532 
583 |a last modification  |c 20090430 00:00:00  |k Rodrigo Vera 
999 |c 333558  |d 333556 
952 |0 0  |1 0  |4 0  |6 911_400000000000000_CUR_1943  |7 0  |8 X  |9 422057  |a FDOBUD  |b FDOBUD  |d 2019-11-22  |i 4526678  |o 911.4 CUR 1943  |p 4526678  |r 2019-11-22  |w 2019-11-22  |y BK_X  |k BUD